Kroniky pozůstalých. Kniha třetí, Temná krása /
Lia utekla ze svého domovského království proto, aby se nemusela podvolit politickému sňatku. Poté stála před komplikovanou situací mezi dvěma muži, z nichž jeden byl její nastávající princ a druhý na ni najatý nájemný vrah. A nyní, po mnoho nebezpečných dobrodružstvích, se přece jen nakonec bude mu...
Uloženo v:
| Série: | Kronika pozůstalých,
část 3 |
|---|---|
| Hlavní autor: | |
| Další autoři: | |
| Médium: | E-kniha |
| Jazyk: | Czech |
| Vydáno: |
V Praze :
CooBoo,
2018
|
| Vydání: | 1. vydání |
| Témata: | |
| Příbuzné jednotky: | Z cyklu::
Kronika pozůstalých |
| Tagy: |
Žádné tagy |
| LEADER | 03059nam a2200553 i 4500 | ||
|---|---|---|---|
| 001 | 310886 | ||
| 003 | CZ PrSKC | ||
| 005 | 20260601215656.0 | ||
| 007 | ta | ||
| 008 | 180419s2018 xr d 000 f cze | ||
| 015 | |a cnb002992978 | ||
| 020 | |a 9788075445308 |q (vázáno) | ||
| 020 | |a 978-80-7544-901-6 |q (soubor v krabici 2019 ; |q vázáno) : |c Kč 890,00 | ||
| 035 | |a (OCoLC)1039824941 | ||
| 040 | |a OLA001 |b cze |d ABA001 |e rda | ||
| 041 | 1 | |a cze |h eng | |
| 072 | 7 | |a 821.111(73)-3 |x Americká próza |2 Konspekt | |
| 072 | 7 | |a 821-93 |x Literatura pro děti a mládež (beletrie) |2 Konspekt | |
| 080 | |a 821.111(73)-31 |2 MRF | ||
| 080 | |a 821-93 |2 MRF | ||
| 080 | |a (0:82-312.9) |2 MRF | ||
| 100 | 1 | |a Pearson, Mary |q (Mary E.), |d 1955- |7 xx0214018 |4 aut | |
| 240 | 1 | 0 | |a Beauty of darkness. |l Česky |
| 245 | 1 | 0 | |a Kroniky pozůstalých. |n Kniha třetí, |p Temná krása / |c Mary E. Pearsonová ; přeložila Jana Jašová |
| 246 | 3 | 0 | |a Temná krása |
| 250 | |a 1. vydání | ||
| 264 | 1 | |a V Praze : |b CooBoo, |c 2018 | |
| 300 | |a 509 stran ; |c 21 cm | ||
| 336 | |a text |b txt |2 rdacontent | ||
| 337 | |a bez média |b n |2 rdamedia | ||
| 338 | |a svazek |b nc |2 rdacarrier | ||
| 500 | |a V roce 2019 vydán soubor 3 knih (Falešný polibek, Zrádné srdce, Temná krása) ; společný název na krabici: Kroniky pozůstalých ; ISBN souboru pouze na krabici | ||
| 500 | |a Přeloženo z angličtiny | ||
| 520 | 2 | |a Lia utekla ze svého domovského království proto, aby se nemusela podvolit politickému sňatku. Poté stála před komplikovanou situací mezi dvěma muži, z nichž jeden byl její nastávající princ a druhý na ni najatý nájemný vrah. A nyní, po mnoho nebezpečných dobrodružstvích, se přece jen nakonec bude muset vrátit do svého rodného království Morrighanu a naplnit úděl První dcery. Neboť osudy všech království nyní závisí pouze a jen na ní. | |
| 520 | 2 | |a Závěrečná část fantasy trilogie Kroniky pozůstalých. Princezna Lia jakožto První dcera Morrighanu disponuje magickým nadáním. Zda jí pomůže v komplikovaném životním osudu, však musí teprve zjistit. | |
| 655 | 7 | |a americké romány |7 fd131796 |2 czenas | |
| 655 | 7 | |a fantasy romány |7 fd184199 |2 czenas | |
| 655 | 7 | |a publikace pro mládež |7 fd133157 |2 czenas | |
| 655 | 9 | |a American fiction |2 eczenas | |
| 655 | 9 | |a fantasy novels |2 eczenas | |
| 655 | 9 | |a juvenile literature |2 eczenas | |
| 700 | 1 | |a Jašová, Jana, |d 1968- |7 jo20000080723 |4 trl | |
| 787 | 0 | 8 | |i Z cyklu: |t Kronika pozůstalých |g 3 |
| 900 | |a ABA001 |b 20 | ||
| 928 | 9 | |a Albatros Media - CooBoo | |
| 044 | |a xr | ||
| 910 | |a RBIT002 | ||
| 998 | |d 177946 |a https://core.palmknihy.cz/api/books/177946/cover?spgkrp |b https://core.palmknihy.cz/api/books/177946/cover/400?spgkrp |c https://core.palmknihy.cz/api/books/177946/cover/50?spgkrp |e 2027-04-11 |g 512 |i 9788075445308 |j https://core.palmknihy.cz/api/books/177946/preview.epub |k https://core.palmknihy.cz/api/books/177946/preview.pdf |l |q 49 |r 1 |s https://www.palmknihy.cz/kniha/177946 |t ebook |y 2018 |z 0 |v Letopisy Pozůstalých |w 3 | ||
| 999 | |d 310884 | ||